[Event "Solingen Karneval op"]
[Site "Solingen"]
[Date "2017.02.26"]
[Round "4"]
[White "Vranidis, Athanassios"]
[Black "Muedder, Melanie"]
[Result "1/2-1/2"]
[WhiteElo "1936"]
[BlackElo "1745"]
[PlyCount "40"]
[EventDate "2017.02.24"]
[EventType "swiss"]
[EventRounds "5"]
[EventCountry "GER"]
[SourceTitle "EXT 2018"]
[Source "ChessBase"]
[SourceDate "2017.10.13"]
[SourceVersion "1"]
[SourceVersionDate "2017.10.13"]
[SourceQuality "1"]

1. d4 Nf6 2. c4 c5 3. d5 b5 4. cxb5 a6 5. b6 g6 6. Nc3 d6 7. e4 Bg7 8. Nf3 Nbd7 9. Be2 0-0 10. 0-0 Qxb6 11. Qc2 Rb8 12. Rb1 Qc7 13. b3 Nb6 14. Nd2 Ra8 15. Nc4 Bg4 16. f3 Bd7 17. Bf4 Nh5 18. Bg5 Nf6 19. Bf4 Nh5 20. Bg5 Nf6 1/2-1/2

[Event "Solingen-ch"]
[Site "Solingen"]
[Date "2016.10.07"]
[Round "3"]
[White "Vranidis, Athanassios"]
[Black "Schubert, Stefan"]
[Result "1-0"]
[WhiteElo "1946"]
[BlackElo "1229"]
[PlyCount "54"]
[EventDate "2016.09.07"]
[EventType "swiss"]
[EventRounds "7"]
[EventCountry "GER"]
[SourceTitle "EXT 2018"]
[Source "ChessBase"]
[SourceDate "2017.10.13"]
[SourceVersion "1"]
[SourceVersionDate "2017.10.13"]
[SourceQuality "1"]

1. d4 d5 2. c4 c6 3. Nf3 Nf6 4. Nc3 e6 5. e3 Be7 6. Qc2 c5 7. Bd3 dxc4 8. Bxc4 Nc6 9. dxc5 Bxc5 10. 0-0 0-0 11. a3 Re8 12. Rd1 Qc7 13. b4 Bd6 14. Nb5 Bxh2+ 15. Nxh2 Qe7 16. Bb2 e5 17. Nd6 Rf8 18. Nf5 Bxf5 19. Qxf5 g6 20. Qg5 Kg7 21. Ng4 Rae8 22. b5 Nxg4 23. Qxg4 Na5 24. Ba2 b6 25. Rac1 Nb7 26. Rd7 h5 27. Rxe7 hxg4 1-0

[Event "Solingen Karneval op"]
[Site "Solingen"]
[Date "2016.02.07"]
[Round "5"]
[White "Tanz, Manfred"]
[Black "Vranidis, Athanassios"]
[Result "0-1"]
[WhiteElo "1604"]
[BlackElo "1945"]
[PlyCount "106"]
[EventDate "2016.02.05"]
[EventType "swiss"]
[EventRounds "5"]
[EventCountry "GER"]
[SourceTitle "EXT 2018"]
[Source "ChessBase"]
[SourceDate "2017.10.13"]
[SourceVersion "1"]
[SourceVersionDate "2017.10.13"]
[SourceQuality "1"]

1. Nf3 Nf6 2. d4 d5 3. g3 e6 4. Bg2 Be7 5. 0-0 0-0 6. e3 c5 7. c3 Nbd7 8. Re1 b6 9. Na3 Bb7 10. Nc2 Ne4 11. Nd2 Ndf6 12. Nxe4 Nxe4 13. f3 Nf6 14. Qe2 Qc7 15. f4 Ne4 16. Bxe4 dxe4 17. Qg2 f5 18. Rf1 Ba6 19. Rf2 Rad8 20. Bd2 Bd3 21. Ne1 Ba6 22. Nc2 Qc6 23. Ne1 Rd7 24. Kh1 Qb5 25. b3 Rc8 26. c4 Qc6 27. Nc2 Bb7 28. Rd1 Qc7 29. Bc3 Bf6 30. Rdd2 Rcd8 31. Ba1 cxd4 32. Bxd4 Bxd4 33. Nxd4 Rxd4 34. Rxd4 Rxd4 35. g4 Rd1+ 36. Rf1 Rxf1+ 37. Qxf1 Qd6 38. Kg1 Qd2 39. Qf2 Qxf2+ 40. Kxf2 fxg4 41. Kg3 h5 42. h3 gxh3 43. Kxh3 Kf7 44. Kh4 Kg6 45. Kg3 Kf5 46. Kh4 g6 47. b4 e5 48. fxe5 Kxe5 49. Kg5 Bc8 50. a3 Be6 51. c5 bxc5 52. bxc5 Kd5 53. Kf4 Bf5 0-1

[Event "Solingen-ch"]
[Site "Solingen"]
[Date "2015.09.18"]
[Round "2"]
[White "Kniest, Oliver"]
[Black "Vranidis, Athanassios"]
[Result "1-0"]
[WhiteElo "2291"]
[BlackElo "1942"]
[PlyCount "61"]
[EventDate "2015.09.04"]
[EventType "swiss"]
[EventRounds "7"]
[EventCountry "GER"]
[SourceTitle "EXT 2018"]
[Source "ChessBase"]
[SourceDate "2017.10.13"]
[SourceVersion "1"]
[SourceVersionDate "2017.10.13"]
[SourceQuality "1"]

1. d4 d5 2. Nf3 Nf6 3. e3 e6 4. Bd3 c5 5. b3 Nc6 6. 0-0 Bd6 7. Bb2 0-0 8. Nbd2 Nb4 9. Be2 b6 10. a3 Nc6 11. Ne5 Ne7 12. Bd3 Bb7 13. f4 Qc7 14. Qe2 Ne4 15. Nxe4 dxe4 16. Bc4 Rac8 17. dxc5 Bxc5 18. b4 Bd6 19. Bb3 Bd5 20. c4 Bb7 21. Rfd1 Ng6 22. Ng4 Rfd8 23. Qe1 Bf8 24. h4 Rd3 25. Rxd3 exd3 26. h5 Qc6 27. Qg3 Nh4 28. e4 f5 29. Nh6+ Kh8 30. Qxh4 fxe4 31. Nf7+ 1-0

[Event "Solingen Karneval op"]
[Site "Solingen"]
[Date "2015.02.15"]
[Round "4"]
[White "Vranidis, Athanassios"]
[Black "Coenen, Michael"]
[Result "0-1"]
[WhiteElo "1880"]
[BlackElo "2404"]
[PlyCount "50"]
[EventDate "2015.02.13"]
[EventType "swiss"]
[EventRounds "5"]
[EventCountry "GER"]
[SourceTitle "EXT 2016"]
[Source "ChessBase"]
[SourceDate "2015.10.08"]
[SourceVersion "1"]
[SourceVersionDate "2015.10.08"]
[SourceQuality "1"]

1. d4 Nf6 2. c4 g6 3. Nc3 d5 4. cxd5 Nxd5 5. e4 Nxc3 6. bxc3 Bg7 7. Nf3 0-0 8. Be2 c5 9. Rb1 b6 10. 0-0 Bb7 11. Qd3 Qc7 12. Qe3 Nd7 13. h3 e6 14. Ba3 Rac8 15. Rfd1 Rfd8 16. d5 exd5 17. exd5 Re8 18. Qd2 Nf6 19. d6 Qd7 20. Bb5 Bc6 21. Bxc6 Rxc6 22. Qf4 Ne4 23. Re1 Nxc3 24. Rxe8+ Qxe8 25. Re1 Qxe1+ 0-1

[Event "Solingen-ch"]
[Site "Solingen"]
[Date "2013.10.11"]
[Round "3"]
[White "Kniest, Oliver"]
[Black "Vranidis, Athanassios"]
[Result "1-0"]
[WhiteElo "2309"]
[BlackElo "1861"]
[PlyCount "31"]
[EventDate "2013.09.13"]
[EventType "swiss"]
[EventRounds "7"]
[EventCountry "GER"]
[SourceTitle "EXT 2015"]
[Source "ChessBase"]
[SourceDate "2014.11.20"]
[SourceVersion "1"]
[SourceVersionDate "2014.11.20"]
[SourceQuality "1"]

1. c4 Nc6 2. d4 d5 3. cxd5 Qxd5 4. e3 e5 5. Nc3 Bb4 6. Bd2 Bxc3 7. Bxc3 exd4 8. Ne2 Nge7 9. Nxd4 0-0 10. Nb5 Qe4 11. Nxc7 Rd8 12. Qf3 Qxf3 13. gxf3 Rb8 14. Rg1 g6 15. Bc4 Rd7 16. Ne8 1-0

[Event "Cologne Longerich op 09th"]
[Site "Cologne"]
[Date "2012.08.05"]
[Round "5"]
[White "Arlt, Klaus"]
[Black "Vranidis, Athanassios"]
[Result "1-0"]
[WhiteElo "1954"]
[BlackElo "1745"]
[PlyCount "49"]
[EventDate "2012.08.03"]
[EventType "tourn"]
[EventRounds "5"]
[EventCountry "GER"]
[SourceTitle "EXT 2017"]
[Source "ChessBase"]
[SourceDate "2016.10.25"]
[SourceVersion "1"]
[SourceVersionDate "2016.10.25"]
[SourceQuality "1"]

1. c4 Nf6 2. Nc3 e6 3. e4 d5 4. e5 d4 5. exf6 dxc3 6. bxc3 Qxf6 7. d4 e5 8. Be2 exd4 9. cxd4 Bb4+ 10. Bd2 Bxd2+ 11. Qxd2 0-0 12. Nf3 c5 13. 0-0 cxd4 14. Qxd4 Qxd4 15. Nxd4 Bd7 16. Rab1 Nc6 17. Nb5 b6 18. Bf3 a6 19. Bxc6 Bxc6 20. Nd4 Be4 21. Rxb6 Bd3 22. Rc1 Rfd8 23. Nc6 Re8 24. h3 h6 25. Nb4 1-0

[Event "Cologne Longerich op 09th"]
[Site "Cologne"]
[Date "2012.08.05"]
[Round "3"]
[White "Hobusch, Jan"]
[Black "Vranidis, Athanassios"]
[Result "1/2-1/2"]
[WhiteElo "2042"]
[BlackElo "1745"]
[PlyCount "40"]
[EventDate "2012.08.03"]
[EventType "tourn"]
[EventRounds "5"]
[EventCountry "GER"]
[SourceTitle "EXT 2017"]
[Source "ChessBase"]
[SourceDate "2016.10.25"]
[SourceVersion "1"]
[SourceVersionDate "2016.10.25"]
[SourceQuality "1"]

1. d4 Nf6 2. Bf4 d5 3. e3 e6 4. Nf3 c5 5. c3 cxd4 6. exd4 Bd6 7. Ne5 0-0 8. Nd2 Nc6 9. Bd3 Qc7 10. Qe2 a6 11. a4 Bd7 12. 0-0 Ne7 13. Nxd7 Nxd7 14. Bxd6 Qxd6 15. f4 Nf6 16. Rae1 Rfe8 17. g3 Qc6 18. a5 Qc7 19. Ra1 Nc8 20. Rac1 Nd6 1/2-1/2

[Event "Cologne Longerich op 09th"]
[Site "Cologne"]
[Date "2012.08.03"]
[Round "1"]
[White "Heinemann, Josefine"]
[Black "Vranidis, Athanassios"]
[Result "0-1"]
[WhiteElo "1852"]
[BlackElo "1745"]
[PlyCount "74"]
[EventDate "2012.08.03"]
[EventType "tourn"]
[EventRounds "5"]
[EventCountry "GER"]
[SourceTitle "EXT 2017"]
[Source "ChessBase"]
[SourceDate "2016.10.25"]
[SourceVersion "1"]
[SourceVersionDate "2016.10.25"]
[SourceQuality "1"]

1. e4 c5 2. Nf3 d6 3. d4 cxd4 4. Nxd4 Nf6 5. Nc3 a6 6. Be3 Ng4 7. Bc1 Nc6 8. Be2 Nxd4 9. Qxd4 e5 10. Qd1 Nf6 11. Bg5 Be6 12. Bxf6 Qxf6 13. Nd5 Qd8 14. 0-0 Be7 15. c4 0-0 16. Qb3 Rb8 17. Nb6 Qc7 18. Rfd1 Rfd8 19. Nd5 Qd7 20. Qg3 Kh8 21. Rd3 Bf8 22. Rad1 Qc6 23. Rc3 Rdc8 24. Bg4 b5 25. Qh4 Bxg4 26. Qxg4 bxc4 27. Rg3 Rxb2 28. Qh4 h6 29. Nf6 Be7 30. Rxg7 Kxg7 31. Nh5+ Kf8 32. Nf6 Bxf6 33. Qxf6 Rb6 34. Qxh6+ Ke8 35. Qh8+ Kd7 36. Qg7 Kc7 37. Qxf7+ Kb8 0-1

[Event "Solingen Karneval op"]
[Site "Solingen"]
[Date "2012.02.19"]
[Round "5"]
[White "Buckels, Valentin"]
[Black "Vranidis, Athanassios"]
[Result "1/2-1/2"]
[WhiteElo "1716"]
[BlackElo "1845"]
[PlyCount "54"]
[EventDate "2012.02.17"]
[EventType "swiss"]
[EventRounds "5"]
[EventCountry "GER"]
[SourceTitle "EXT 2015"]
[Source "ChessBase"]
[SourceDate "2014.11.20"]
[SourceVersion "1"]
[SourceVersionDate "2014.11.20"]
[SourceQuality "1"]

1. d4 Nf6 2. c4 e6 3. Nf3 d5 4. g3 dxc4 5. Qc2 a6 6. a4 Bd7 7. Qxc4 Bc6 8. Bg2 Be7 9. 0-0 0-0 10. Nc3 Nbd7 11. Bf4 Nb6 12. Qb3 Nbd5 13. Ne5 Nxc3 14. bxc3 Bxg2 15. Kxg2 Qd5+ 16. Qxd5 Nxd5 17. Bd2 f6 18. Nd3 b5 19. a5 c6 20. e4 Nc7 21. Rfc1 Rfd8 22. Be3 e5 23. Ne1 Ne6 24. Nf3 Bd6 25. h3 Rac8 26. Kg1 g6 27. Kg2 Kf7 1/2-1/2

[Event "Solingen-ch"]
[Site "Solingen"]
[Date "2011.12.16"]
[Round "7"]
[White "Weyer, Norbert"]
[Black "Vranidis, Athanassios"]
[Result "0-1"]
[WhiteElo "1584"]
[BlackElo "1740"]
[PlyCount "58"]
[EventDate "2011.09.23"]
[EventType "swiss"]
[EventRounds "7"]
[EventCountry "GER"]
[SourceTitle "EXT 2015"]
[Source "ChessBase"]
[SourceDate "2014.11.20"]
[SourceVersion "1"]
[SourceVersionDate "2014.11.20"]
[SourceQuality "1"]

1. d4 Nf6 2. c4 e6 3. Nf3 d5 4. cxd5 exd5 5. Qb3 c6 6. Nc3 Nbd7 7. Bf4 Be7 8. e3 0-0 9. Be2 Re8 10. 0-0 Nh5 11. Be5 Nxe5 12. Nxe5 Nf6 13. Bd3 Bd6 14. f4 Ng4 15. Nxg4 Bxg4 16. e4 dxe4 17. Nxe4 Bc7 18. Ng5 Qxd4+ 19. Kh1 Be6 20. Bxh7+ Kh8 21. Nxf7+ Bxf7 22. Qh3 Qf6 23. Bg6+ Kg8 24. Qh7+ Kf8 25. Qh8+ Ke7 26. Rfe1+ Kd7 27. Rad1+ Bd6 28. Qh3+ Kc7 29. Bxf7 Rxe1+ 0-1

[Event "Solingen-ch"]
[Site "Solingen"]
[Date "2011.10.07"]
[Round "2"]
[White "Reksten, Daniel"]
[Black "Vranidis, Athanassios"]
[Result "1-0"]
[WhiteElo "1824"]
[BlackElo "1740"]
[PlyCount "63"]
[EventDate "2011.09.23"]
[EventType "swiss"]
[EventRounds "7"]
[EventCountry "GER"]
[SourceTitle "EXT 2015"]
[Source "ChessBase"]
[SourceDate "2014.11.20"]
[SourceVersion "1"]
[SourceVersionDate "2014.11.20"]
[SourceQuality "1"]

1. d4 Nf6 2. c4 e6 3. Nc3 d5 4. Nf3 Nbd7 5. Qc2 c5 6. cxd5 exd5 7. h3 Be7 8. Be3 0-0 9. g3 b6 10. Bg2 Bb7 11. Ne5 Bd6 12. Rd1 Nxe5 13. dxe5 Bxe5 14. Bg5 Bxc3+ 15. bxc3 h6 16. Bxf6 Qxf6 17. c4 Rfe8 18. 0-0 Rad8 19. cxd5 Qd6 20. Rfe1 Re7 21. e4 Rde8 22. f4 f6 23. Re3 Bc8 24. Rde1 b5 25. Qb2 Qb6 26. e5 fxe5 27. fxe5 c4 28. Kh2 b4 29. d6 c3 30. Qc2 Rd7 31. Bd5+ Kh8 32. Qg6 1-0

[Event "Leverkusen Bayer op 9th"]
[Site "Leverkusen"]
[Date "2011.04.11"]
[Round "7"]
[White "Vranidis, Athanassios"]
[Black "Vranidis, Georgios"]
[Result "1/2-1/2"]
[WhiteElo "1750"]
[BlackElo "1960"]
[PlyCount "36"]
[EventDate "2011.01.10"]
[EventType "swiss"]
[EventRounds "7"]
[EventCountry "GER"]
[SourceTitle "EXT 2012"]
[Source "ChessBase"]
[SourceDate "2011.11.24"]
[SourceVersion "1"]
[SourceVersionDate "2011.11.24"]
[SourceQuality "1"]

1. e4 c5 2. Nf3 d6 3. d4 cxd4 4. Nxd4 Nf6 5. Nc3 a6 6. Be3 Ng4 7. Bg5 h6 8. Bh4 g5 9. Bg3 Bg7 10. Bc4 Nc6 11. Nxc6 bxc6 12. h4 Qb6 13. Bb3 Rf8 14. hxg5 hxg5 15. Qd2 a5 16. Qxg5 Be5 17. Bh4 Bf6 18. Qd2 Rh8 1/2-1/2

[Event "Leverkusen Bayer op 9th"]
[Site "Leverkusen"]
[Date "2011.02.21"]
[Round "4"]
[White "Mueller, Philipp1111"]
[Black "Vranidis, Athanassios"]
[Result "0-1"]
[WhiteElo "1370"]
[BlackElo "1750"]
[PlyCount "44"]
[EventDate "2011.01.10"]
[EventType "swiss"]
[EventRounds "7"]
[EventCountry "GER"]
[SourceTitle "EXT 2012"]
[Source "ChessBase"]
[SourceDate "2011.11.24"]
[SourceVersion "1"]
[SourceVersionDate "2011.11.24"]
[SourceQuality "1"]

1. e4 c5 2. c3 Nf6 3. d3 d6 4. Nf3 Nc6 5. Bg5 e6 6. Be2 Be7 7. Nbd2 0-0 8. 0-0 a6 9. d4 cxd4 10. cxd4 Bd7 11. e5 dxe5 12. dxe5 Nd5 13. Bxe7 Qxe7 14. Ne4 Qb4 15. Qc2 Rfd8 16. Nfg5 g6 17. Nf6+ Nxf6 18. exf6 Qf4 19. Ne4 Nd4 20. Qd3 Bb5 21. Qh3 Nxe2+ 22. Kh1 h5 0-1